Video Games by Description - Statistics

General Stats
  • This quiz has been taken 93 times
  • The average score is 13 of 15
Answer Stats
Hint Answer % Correct
3-D world where players can build anything Minecraft
97%
A go-kart racing game with numerous powerups Mario Kart
96%
Eat dots and run from 4 ghosts Pac-Man
96%
Imposter kills the crewmates Among Us
94%
Football game developed by EA Madden
94%
Car soccer Rocket League
94%
100 player battle royale combat, last man standing wins Fortnite
91%
First-person shooter game, based on wars Call of Duty
90%
A connecting game with 4 connected blocks fall vertically Tetris
86%
An outlaw goes across the West as a gunman to uphold the law and achieve redemption Red Dead Redemption
85%
Complete missions and scenarios in a city-like setting or roam around Grand Theft Auto
81%
A role-playing game where you catch and battle monsters to become the best Pokemon
78%
A series of puzzles solved by teleporting between portals Portal
76%
Play millions of user-generated worlds like Murder Mystery or Adopt Me Roblox
73%
Beat your opponent by playing troops and climb the arenas Clash Royale
44%
No matching quizzes found
Score Distribution
Percent of People with Each Score
Percentile by Number Answered
Your Score History
You have not taken this quiz